000 00444nam a22001817a 4500
003 koha_MIRAKIL
005 20231213095622.0
008 231213b |||||||| |||| 00| 0 ||| d
020 _b978-9-75230709-4
040 _aTR-IsEVY
_btur
_cTR-IsEVY
082 _a910 TON/İ
100 _aTONGUÇ, SAFFET EMRE.
245 0 _aİSTANBUL HAKKINDA HER ŞEY.
260 _bBoyut,
_c2012
300 _a614.
650 _aCoğrafya.
942 _2ddc
_cBK
999 _c6641
_d6641